Norwich City Countries & Players (1990–2024) - Statistics

General Stats
  • This quiz has been taken 5 times
    4 since last reset
  • The average score is 40 of 52
Answer Stats
Nation No. Answer % Correct
USA 4 Casey Carden | Josh Sargent | Jonathan Tomkinson | Zak Whitbread
100%
Luxembourg 1 Danel Sinani
100%
Spain 9 Daniel Ayala | Sergi Canós | Carlos Cuéllar | Javier Garrido | Ignasi Miquel | Daniel Pacheco | Xavi Quintillà | Borja Sainz | Víctor Segura | Juan Velasco
100%
Wales 25 Daniel Barden | Craig Bellamy | Mark Bowen | Deryn Brace | Andrew Crofts | Josh Dawkin | Robert Earnshaw | Rob Edwards | Ched Evans | Jeremy Goss | +15 players
100%
Ireland 23 David Bell | Robbie Brady | Kyle Callan-McFadden | Shaun Carey | Gary Doherty | Shane Duffy | Stephen Elliott | Neale Fenn | Wes Hoolahan | Adam Idah | +13 players
100%
Australia 3 David Carney | Adrian Leijer | Michael Theoklitos
100%
Greece 2 Dimitris Giannoulis | Christos Tzolis
100%
Norway 3 Erik Fuglestad | Mathias Normann | Alexander Tettey
100%
Denmark 10 Jens Berthel Askou | Dario Đumić | Thomas Helveg | Emiliano Marcondes | Jan Mølby | Henrik Mortensen | Steen Nedergaard | David Nielsen | Oscar Schwartau | Jacob Sørensen
100%
Canada 3 Jim Brennan | Simeon Jackson | Paul Peschisolido
100%
Sweden 5 Johan Elmander | Mattias Jonson | Martin Olsson | Ulf Ottosson | Mathias Svensson
100%
Finland 2 Jonatan Johansson | Teemu Pukki
100%
Switzerland 4 Josip Drmić | Christian Fassnacht | Gaetano Giallanza | Timm Klose
100%
Netherlands 11 Jürgen Colin | Raymond de Waard | Fernando Derveld | Mitchell Dijks | Leroy Fer | Jos Hooiveld | Tim Krul | Maceo Rigters | Sydney van Hooijdonk | Ricky van Wolfswinkel | Yanic Wildschut
100%
Northern Ireland 12 Lee Camp | Sammy Clingan | Adrian Coote | David Healy | Kyle Lafferty | Jamal Lewis | Cameron McGeehan | Michael McGovern | Paul McVeigh | Philip Mulryne | Jim Whitley | Johnny Wright
100%
Argentina 3 Luciano Becchio | Emi Buendía | Jonás Gutiérrez
100%
Chile 1 Marcelino Núñez
100%
Brazil 2 Marquinhos | Gabriel Sara
100%
England 194 Max Aarons | Zema Abbey | Neil Adams | Tom Adeyemi | Ade Akinbiyi | Ben Alnwick | Jamie Ashdown | Dean Ashton | Steve Ball | Patrick Bamford | +180 players
100%
Cuba 1 Onel Hernández
100%
Scotland 34 Patrick Boyle | Garry Brady | Andrew Cave-Brown | Paul Dalglish | Graham Dorrans | Robert Fleck | Mark Fotheringham | Paul Gallacher | Matt Gilks | +25 players
100%
Poland 1 Przemysław Płacheta
100%
Germany 10 Ralf Fährmann | Marcel Franke | Philip Heise | Moritz Leitner | Felix Passlack | Lukas Rupp | Dennis Srbeny | Marco Stiepermann | Tom Trybull | Christoph Zimmermann
100%
Cameroon 1 Sébastien Bassong
100%
Tunisia 1 Anis Ben Slimane
67%
Croatia 1 Ante Crnac
67%
Jamaica 3 Damien Francis | Kevin Lisbie | Jamar Loza
67%
Nigeria 3 Dickson Etuhu | Efan Ekoku | Joseph Yobo
67%
D.R. Congo 2 Dieumerci Mbokani | Youssouf Mulumbu
67%
Ghana 2 Forson Amankwah | Elvis Hammond
67%
South Korea 1 Hwang Ui-jo
67%
France 9 Ibrahim Amadou | Tony Andreu | Cédric Anselin | Jean-Yves de Blasiis | Pierre Lees-Melou | Marc Libbra | Matthieu Louis-Jean | Antoine Sibierski | Melvin Sitti
67%
Panama 1 José Córdoba
67%
Sierra Leone 1 Kei Kamara
67%
Bosnia & Herz. 1 Mario Vrančić
67%
South Africa 2 Matty Pattison | Bally Smart
67%
Kosovo 1 Milot Rashica
67%
Portugal 2 Nélson Oliveira | Ivo Pinto
67%
Slovakia 1 Ondrej Duda
67%
Turkey 1 Ozan Kabak
67%
Belgium 2 Ritchie De Laet | Vadis Odjidja-Ofoe
67%
Montserrat 1 Ruel Fox
67%
Morocco 1 Youssef Safri
67%
Italy 1 Arturo Lupoli
33%
New Zealand 1 Chris Killen
33%
Czechia 1 David Střihavka
33%
Serbia 2 Goran Marić | Dejan Stefanović
33%
Guinea 1 Mo Camara
33%
Gambia 1 Omar Koroma
33%
Senegal 1 Pape Seydou Diop
33%
Trinidad & Tobago 1 Tony Warner
33%
Pakistan 1 Zesh Rehman
33%
No matching quizzes found
Score Distribution
Percent of People with Each Score
Percentile by Number Answered
Your Score History
You have not taken this quiz since the last reset